000 00718nam a2200205 4500
003 OSt
005 20240620015104.0
006 a
008 240620b |||||||| |||| 00| 0 eng d
020 _a9781572157057
040 _aDWCL-HMN lib.
_cOC
082 _aCirc. 641.812 G646h 2006
245 _aGood housekeeping : appetizers : delicious dips, spreads, finger foods and more /
260 _aNew York :
_bHearst Books,
_cc2006.
300 _b160 p. : col. ill. ;
_c25 cm.
504 _aIncludes index. Originally published by Hearst Books in a different format as Appetizers! Good Housekeeping Favorite Recipes.
650 _a1. Appetizers.
650 _a2. Cooking, American.
942 _2ddc
_n0
_cBK-CIRC
_kCirc.
999 _c944
_d944